000 00480nam a2200181Ia 4500
001 25352
005 20260414151144.0
008 260414t2008||||xx |||||||||||||| ||spa||
041 _aESP
082 _a346.5
_bD59 V. 1
100 _aContreras, Pedro de Pablo (coord.)... [et al.].
_eAUT
245 0 _aCurso de derecho civil :
_bderecho privado. Derecho de la persona
260 _c2008
300 _a
_c24 cm.
650 _aDER
654 _aCDE
942 _cLIB
_dJUS
_fJUS
_2ddc
_n
999 _c25352
_d25352